| 000 | 00788nam a22002177a 4500 | ||
|---|---|---|---|
| 003 | SISC | ||
| 005 | 20160404100624.0 | ||
| 008 | 130823t xxu||||| |||| 00| 0 eng d | ||
| 020 | _a9780823937707 | ||
| 050 |
_aHQ 769.5 _b.W45 2003 |
||
| 082 |
_aHS 649.1 _b W43 2003 |
||
| 100 |
_aWeintraub, Aileen _912911 |
||
| 245 |
_aEverything you need to know about being a baby-sitter a teen's guide to responsible childe care / _cAileen Weintraub. |
||
| 250 | _aRevised edition | ||
| 260 |
_aNew York _bThe Rosen Publishing Group, Inc. _cc2003. |
||
| 300 |
_a64 p. : _bcol. ill. ; _c24 cm. |
||
| 650 |
_a1. Babysitting Handbooks, manuals, etc. _xJuvenile literature. _912912 |
||
| 650 |
_aBabysitting Handbooks, manuals, etc. _xJuvenile literature. _912913 |
||
| 942 |
_2lcc _cBK |
||
| 999 |
_c9237 _d9237 |
||